| 000 | 00848nam a2200265Ia 4500 | ||
|---|---|---|---|
| 003 | OSt | ||
| 005 | 20220918171006.0 | ||
| 006 | a|||||r|||| 00| 0 | ||
| 007 | ta | ||
| 008 | 220917b |||||||| |||| 00| 0 eng d | ||
| 020 |
_a9781118465561 (hbk) _cUSD 195.00 |
||
| 024 | _a327,462 | ||
| 037 |
_b189, 17/01/2018, Classic Book Service _cTextual |
||
| 040 |
_aARTS _cARTS _beng |
||
| 041 |
_2eng _aeng |
||
| 082 | _aQ0aG:5, Q7 | ||
| 100 |
_aHart John Ed. _932938 |
||
| 245 | 0 | _aWiley blackwell companion to religion and ecology | |
| 260 |
_aWest Sussax _b John Wiley and Sons U.K _c2017 |
||
| 300 |
_axxx,527p. _ccm. |
||
| 490 | _aWiley blackwell companions to religion | ||
| 650 |
_aECOLOGY; RELIGION _932939 |
||
| 942 |
_hQ0aG:5, Q7 _cTEXL _2CC |
||
| 999 |
_c137148 _d137148 |
||